00518nam a2200133Ia 4500008004100000082001500041100002400056245012700080260003400207300000800241942001200249999001900261952010400280210430s9999 xx 000 0 und d a297 A2861K aGhazi Ahmad 954633 aKufar kay andheron say noor e Islam Tak - (aik nou nuslim ky qabool e islam ki dastaan) /cGhazi Ahmad (Sabaq Karishn Lal) aLahorebAl Maktaba tal elmia. a150 cBK2ddc c565270d565270 001040708NFICaSCMEbSCMEcGENd0004-02-15l0o297 A2861KpSCME-4560r2021-04-30w2021-04-30yBK